[Event "World Amateur-ch U1700 (Women)"]
[Site "Muscat"]
[Date "2023.11.09"]
[Round "8"]
[White "Baldanjantsan, Khuslenzaya"]
[Black "Anudari, Tsogdelger"]
[Result "0-1"]
[WhiteElo "1599"]
[BlackElo "1587"]
[PlyCount "190"]
[EventDate "2023.11.02"]
[EventType "swiss"]
[EventRounds "9"]
[EventCountry "OMN"]
[SourceTitle "CB47_2023"]
[SourceDate "2023.11.22"]
[SourceVersion "1"]
[SourceVersionDate "2023.11.22"]
[SourceQuality "1"]

1. e4 e6 2. d4 d5 3. Nc3 Nf6 4. e5 Nfd7 5. f4 c5 6. Nf3 Nc6 7. Be3 a6 8. Qd2 b5 9. Qf2 Qb6 10. dxc5 Bxc5 11. Bxc5 Qxc5 12. Qg3 g6 13. Bd3 Qb4 14. Rb1 Bb7 15. 0-0 Qc5+ 16. Kh1 Nb6 17. Ne2 Ne7 18. Ned4 Nf5 19. Qf2 Nxd4 20. Nxd4 Qc7 21. c3 Na4 22. Rbe1 Nc5 23. Bb1 h5 24. Re3 0-0-0 25. b3 h4 26. Rh3 Qe7 27. Nf3 Ne4 28. Qe3 Kb8 29. a4 bxa4 30. bxa4 Qc5 31. Nd4 Qc4 32. Kg1 Qxa4 33. Bxe4 dxe4 34. Rb1 Ka8 35. Qc1 Rb8 36. c4 Qd7 37. Qe3 Bc6 38. Ra1 Rb6 39. c5 Rb4 40. Nxc6 Qxc6 41. Qd2 Qxc5+ 42. Kh1 Qb5 43. Rd1 Rb1 44. Qe1 Rxd1 45. Qxd1 Rb8 46. Rc3 Qb1 47. Rc1 Qd3 48. Qa4 Qb5 49. Qxe4+ Rb7 50. h3 a5 51. Qd4 Qb6 52. Qa4 Qb5 53. Rc8+ Ka7 54. Qd4+ Qb6 55. Rc5 Kb8 56. Qc4 Rc7 57. Rxc7 Qxc7 58. Qb5+ Ka7 59. Kh2 Qb6 60. Qd7+ Qb7 61. Qd4+ Ka6 62. Qc4+ Qb5 63. Qc8+ Kb6 64. Qd8+ Kc5 65. Qxh4 a4 66. Qd8 Kb4 67. Qe7+ Kc3 68. h4 Qb4 69. Qc7+ Kb2 70. Qd6 Qxf4+ 71. Kh3 a3 72. Qb6+ Ka2 73. Qb5 Qd2 74. g3 Qd5 75. Qe2+ Kb1 76. Qe1+ Kc2 77. Qf2+ Kd3 78. Qf1+ Kc3 79. Qe1+ Kb3 80. Qe3+ Kb4 81. Qb6+ Qb5 82. Qf2 Qc5 83. Qd2+ Kc4 84. Qc2+ Kd5 85. Qb3+ Kxe5 86. Qa2 Qc3 87. Qe2+ Kf6 88. Qa6 Qb2 89. Qa8 Kg7 90. h5 a2 91. h6+ Kxh6 92. Qf8+ Qg7 93. Qd8 g5 94. Qd1 a1Q 95. Qe2 Qh1+ 0-1

[Event "World Amateur-ch U1700 (Women)"]
[Site "Muscat"]
[Date "2023.11.05"]
[Round "4"]
[White "Sodgerelt, Naranbold"]
[Black "Baldanjantsan, Khuslenzaya"]
[Result "1-0"]
[WhiteElo "1419"]
[BlackElo "1599"]
[PlyCount "68"]
[EventDate "2023.11.02"]
[EventType "swiss"]
[EventRounds "9"]
[EventCountry "OMN"]
[SourceTitle "CB47_2023"]
[SourceDate "2023.11.22"]
[SourceVersion "1"]
[SourceVersionDate "2023.11.22"]
[SourceQuality "1"]

1. e4 e5 2. Nf3 Nc6 3. Bb5 a6 4. Ba4 Nf6 5. d3 d6 6. c3 Be7 7. 0-0 0-0 8. Re1 Re8 9. Nbd2 Bf8 10. Nf1 b5 11. Bc2 d5 12. a4 Bb7 13. Bg5 dxe4 14. dxe4 Be7 15. Ne3 Nh5 16. Bxe7 Qxe7 17. Nf5 Qf6 18. Nxe5 Nxe5 19. Qxh5 Rad8 20. Rad1 Ng6 21. axb5 axb5 22. Qg4 b4 23. Rxd8 Rxd8 24. Qg3 Qb6 25. h4 Rd2 26. Nd4 Qf6 27. Qe3 Qf4 28. Bb3 Rxb2 29. cxb4 Qxh4 30. Nf5 Qf4 31. Ne7+ Nxe7 32. Qxf4 Rxb3 33. Qxc7 h6 34. Qxb7 Ng6 1-0

[Event "World Amateur-ch U1700 (Women)"]
[Site "Muscat"]
[Date "2023.11.04"]
[Round "3"]
[White "Baldanjantsan, Khuslenzaya"]
[Black "Aditi, Arun"]
[Result "1-0"]
[WhiteElo "1599"]
[BlackElo "1328"]
[PlyCount "81"]
[EventDate "2023.11.02"]
[EventType "swiss"]
[EventRounds "9"]
[EventCountry "OMN"]
[SourceTitle "CB47_2023"]
[SourceDate "2023.11.22"]
[SourceVersion "1"]
[SourceVersionDate "2023.11.22"]
[SourceQuality "1"]

1. e4 e5 2. Nf3 Nc6 3. Bc4 Nf6 4. d3 Be7 5. 0-0 0-0 6. c3 d6 7. Nbd2 Na5 8. Bb5 a6 9. Ba4 b5 10. Bc2 c5 11. Re1 Re8 12. Nf1 Bf8 13. h3 h6 14. Ng3 g6 15. d4 Qc7 16. d5 Bd7 17. b3 c4 18. b4 Nb7 19. Be3 a5 20. a3 a4 21. Nh2 Bg7 22. f3 Kh7 23. Qd2 Ng8 24. Rf1 g5 25. Ng4 Ne7 26. Nh5 Bxg4 27. hxg4 Ng6 28. Kf2 Nf4 29. Ng3 Qd8 30. Nf5 f6 31. Rh1 Rh8 32. Rh2 Rc8 33. Rah1 Kg6 34. g3 Nd3+ 35. Kf1 Qd7 36. Rh5 Nd8 37. R1h3 Nf7 38. Qh2 Rh7 39. f4 Rch8 40. Nh4+ gxh4 41. f5+ 1-0

[Event "Ulaanbaatar Mica op"]
[Site "Ulaanbaatar"]
[Date "2022.06.20"]
[Round "6"]
[White "Baldanjantsan, Khuslenzaya"]
[Black "Chingun, Davaajav"]
[Result "1/2-1/2"]
[WhiteElo "1381"]
[BlackElo "1507"]
[PlyCount "112"]
[EventDate "2022.06.17"]
[EventType "swiss"]
[EventRounds "9"]
[EventCountry "MGL"]
[SourceTitle "EXT 2023"]
[Source "ChessBase"]
[SourceDate "2022.10.05"]
[SourceVersion "1"]
[SourceVersionDate "2022.10.05"]
[SourceQuality "1"]

1. e4 c5 2. Nf3 Nc6 3. d4 cxd4 4. Nxd4 Nf6 5. Nc3 e5 6. Ndb5 d6 7. Bg5 a6 8. Na3 b5 9. Nd5 Be7 10. Bxf6 Bxf6 11. c3 0-0 12. Nc2 Bg5 13. a4 bxa4 14. Rxa4 a5 15. Bc4 Ne7 16. Nce3 Bxe3 17. Nxe3 Bd7 18. Ra2 Be6 19. b3 Qc7 20. Rd2 Rfd8 21. Qe2 a4 22. 0-0 axb3 23. Rb2 Bxc4 24. Nxc4 Rdc8 25. Nd2 Qxc3 26. Rxb3 Qc6 27. Rg3 Ra2 28. Qg4 g6 29. Nf3 Qc1 30. h4 Qc6 31. h5 Rf8 32. Qg5 Qd7 33. Qf6 Qe6 34. Qh4 f6 35. hxg6 Nxg6 36. Qh6 Rf7 37. Nh4 Rg7 38. Rb1 Raa7 39. Nxg6 hxg6 40. Rxg6 Qc8 41. Rxg7+ Rxg7 42. Qxf6 Qg4 43. g3 Qxe4 44. Rb8+ Kh7 45. Qf8 Qd3 46. Qh8+ Kg6 47. Qe8+ Kh6 48. Qe6+ Kg5 49. Rb4 Qd1+ 50. Kg2 Rg6 51. Qc4 Rh6 52. Qg8+ Kf6 53. Qd8+ Kg6 54. Qg8+ Kf6 55. Rh4 Rxh4 56. gxh4 Qh5 1/2-1/2

[Event "Ulaanbaatar Mica op"]
[Site "Ulaanbaatar"]
[Date "2022.06.19"]
[Round "4"]
[White "Baldanjantsan, Khuslenzaya"]
[Black "Bayasgalan, Khishigbaatar"]
[Result "1-0"]
[WhiteElo "1381"]
[BlackElo "1794"]
[PlyCount "32"]
[EventDate "2022.06.17"]
[EventType "swiss"]
[EventRounds "9"]
[EventCountry "MGL"]
[SourceTitle "EXT 2023"]
[Source "ChessBase"]
[SourceDate "2022.10.05"]
[SourceVersion "1"]
[SourceVersionDate "2022.10.05"]
[SourceQuality "1"]

1. e4 c5 2. Nf3 d6 3. d4 cxd4 4. Nxd4 Nf6 5. Nc3 Nc6 6. Be2 e5 7. Nb3 Be6 8. 0-0 Be7 9. f4 exf4 10. Bxf4 Ne5 11. Nd4 Qb6 12. Rb1 Bg4 13. Bxg4 Nexg4 14. Kh1 0-0 15. Nf5 Rfe8 16. Nd5 Bf8 1-0

[Event "Eastern Asia-ch U14 Girls"]
[Site "Tornelo INT"]
[Date "2021.10.24"]
[Round "7"]
[White "Baldanjantsan, Khuslenzaya"]
[Black "Kaldarova, Ayaulym"]
[Result "1/2-1/2"]
[WhiteElo "1322"]
[BlackElo "1578"]
[PlyCount "99"]
[EventDate "2021.10.22"]
[EventType "swiss"]
[EventRounds "9"]
[EventCountry "NET"]
[SourceTitle "EXT 2023"]
[Source "ChessBase"]
[SourceDate "2022.10.05"]
[SourceVersion "1"]
[SourceVersionDate "2022.10.05"]
[SourceQuality "1"]

1. e4 d6 2. d4 Nf6 3. Nc3 g6 4. Nf3 Bg7 5. h3 a6 6. Be3 Nc6 7. Qd2 0-0 8. g4 b5 9. a3 e5 10. d5 Ne7 11. Be2 Bd7 12. 0-0-0 Qb8 13. Ne1 b4 14. axb4 Qxb4 15. Nd3 Qa5 16. f3 Rfb8 17. Nb1 Qa1 18. Qc3 Qa4 19. h4 Nexd5 20. exd5 Nxd5 21. Qd2 Bb5 22. c3 Qa2 23. Nb4 Nxb4 24. cxb4 Bxe2 25. Qxe2 Rxb4 26. Rd2 Rab8 27. Rh2 Rc4+ 28. Rc2 Rxb2 29. Qxc4 Qxc4 30. Rxc4 Rxh2 31. Rxc7 h6 32. Nd2 Rxh4 33. Ra7 f5 34. gxf5 gxf5 35. Rxa6 Bf8 36. Kc2 e4 37. fxe4 fxe4 38. Ra4 d5 39. Ra8 Kf7 40. Rd8 Rh3 41. Nf1 Rf3 42. Rxd5 Rxf1 43. Re5 h5 44. Rxh5 Rf3 45. Kd2 Kg6 46. Re5 Rh3 47. Rxe4 Bh6 48. Re6+ Kf5 49. Rxh6 Rxh6 50. Bxh6 1/2-1/2

[Event "Eastern Asia-ch U14 Girls"]
[Site "Tornelo INT"]
[Date "2021.10.23"]
[Round "4"]
[White "Baldanjantsan, Khuslenzaya"]
[Black "Sanudula, KM Dahamdi"]
[Result "1-0"]
[WhiteElo "1322"]
[BlackElo "1396"]
[PlyCount "83"]
[EventDate "2021.10.22"]
[EventType "swiss"]
[EventRounds "9"]
[EventCountry "NET"]
[SourceTitle "EXT 2023"]
[Source "ChessBase"]
[SourceDate "2022.10.05"]
[SourceVersion "1"]
[SourceVersionDate "2022.10.05"]
[SourceQuality "1"]

1. e4 d5 2. exd5 Qxd5 3. Nc3 Qa5 4. Nf3 Nf6 5. d4 Bg4 6. Bd3 e6 7. Bd2 c6 8. h3 Bxf3 9. Qxf3 Qb6 10. 0-0-0 Bd6 11. Ne4 Nxe4 12. Qxe4 Nd7 13. c3 Nf6 14. Qe2 Qc7 15. g3 0-0-0 16. Kb1 h6 17. f4 Qb6 18. Rhe1 Kb8 19. Bc1 Ka8 20. Qc2 c5 21. dxc5 Bxc5 22. g4 Rc8 23. Qb3 Qc6 24. f5 Qg2 25. fxe6 fxe6 26. Rxe6 Qxh3 27. Bf5 Rcd8 28. Rde1 Qf3 29. Rxf6 Rb8 30. Rf7 Bb6 31. Re6 Qf2 32. Bg6 Qg1 33. Bd3 Rhd8 34. Rf1 Qc5 35. Bc2 h5 36. gxh5 Qxh5 37. Rxb6 axb6 38. Rf5 Qxf5 39. Bxf5 Rbc8 40. Bxc8 Rxc8 41. Qe6 Kb8 42. Qxb6 1-0